00670nam a2200181 a 450000100100000000500170001000800410002702000150006804000250008310000380010824500590014626000580020530000280026349000340029183000410032595201050036699900170047100003648220200930075744.0120118s19uu sp 000 0 spa d a8434200082 aDO-SdBNPbspacBNPHU1 aParramón, José María96271010aAsí se compone un cuadro / :bJosé Mª Parramón. aBarcelona, España :bInstituto Parramón,c[197?]. a111 p. :bil. ;c27 cm.1 aColección Aprender haciendo 0aColección Aprender haciendo962711 001050718MOaGRbGRcCTd2012-01-18iLF1l0o p36483-10r2020-06-25w2020-06-25y1ZNo se presta c35973d35973